00589nam a2200121Ia 4500008004100000020001800041245015700059260002200216440002400238650015000262650001400412856004100426171212s9999 xx 000 0 und d a9781760461294 ceditor Song, Ligang;Garnaut, Ross;Fang, Cai;Johnston, LaurenaChina's New Sources of Economic GrowthbHuman Capital, Innovation and Technological Change bANU E Pressc2017 aChina Update Series aEconomic development -- China; Sustainable development -- China; Climatic changes -- Government policy -- China; China -- Economic policy -- 2000 aEconomics uhttp://jstor.org/stable/j.ctt1trkk3v